IBM: How the world's most successful corporation is managed
Bewaard in:
| Hoofdauteur: | |
|---|---|
| Formaat: | Boek |
| Taal: | Undetermined |
| Gepubliceerd in: |
London
Kogan Page
1987
|
| Onderwerpen: | |
| Tags: |
Voeg label toe
Geen labels, Wees de eerste die dit record labelt!
|
| Thư viện lưu trữ: | Trung tâm Học liệu Trường Đại học Cần Thơ |
|---|
| LEADER | 00548nam a2200193Ia 4500 | ||
|---|---|---|---|
| 001 | CTU_82708 | ||
| 008 | 210402s9999 xx 000 0 und d | ||
| 082 | |a 338.7 | ||
| 082 | |b M554 | ||
| 100 | |a Mercer, David | ||
| 245 | 0 | |a IBM: How the world's most successful corporation is managed | |
| 245 | 0 | |c David Mercer | |
| 260 | |a London | ||
| 260 | |b Kogan Page | ||
| 260 | |c 1987 | ||
| 650 | |a International bussiness machine corporation | ||
| 650 | |x History | ||
| 904 | |i QHieu(sửa) | ||
| 980 | |a Trung tâm Học liệu Trường Đại học Cần Thơ | ||